Les pays avec le plus de mariages d'enfants. - Statistiques

Statistiques générales
  • Ce quiz a été pris 234 fois
  • Le résultat moyen est 12 sur 20
Statistiques - réponses
Pourcentage Pays % Correct
37,3 République Démocratique du Congo
85%
76,3 Niger
79%
51,5 Mali
77%
45,3 Somalie
75%
43,5 Nigéria
74%
40,3 Éthiopie
64%
66,9 Tchad
64%
51,5 Soudan du Sud
60%
51,2 Guinée
59%
37 Mauritanie
57%
67,9 Centrafrique
54%
39,7 Ouganda
52%
51,6 Burkina Faso
51%
40,7 Érythrée
50%
58,6 Bangladesh
46%
48,2 Mozambique
45%
42,1 Malawi
44%
41,2 Madagascar
42%
38,9 Sierra Leone
41%
39,5 Népal
32%
Aucun quiz correspondant
Distribution des résultats
% des personnes avec chaque résultat
Percentile par nombre de réponses
Votre historique - résultats
Vous n’avez pas pris ce quiz